1582 1239 1987 1799 1658 1229 1427 1085 1841 1632 1022 1616 1706 1142 1418 1902 1805 1093 1577 1753 1559 1036 1220 1124 1880 1736 1639 1929 1952 1944 1562 1369 1986 1158 1354 1796 1894 1899 1954 1174 1780 1735 1261 1763 1735 1583 1551 1663 1414 1098 1732 1682 1726 1739 1605 1513 1823 1804 1911 1296 1272 1941 1831 1360 1425 1014 1351 1782 1277 1757 1433 1267 1517 1339 1637 1071 1514 1733 1616 1591 1551 1198 1301 1980 1500 1461 1006 1188 1798 1951 1163 1344 1034 1022 1169 1692 1218 1622 1870 BCNSPRNW ULIB Ver.6.0+V

เปลี่ยนเป็นภาษาไทย

Change to English
 แสดงรายละเอียดบรรณานุกรม
  กลับหน้าหลัก

Brief Record : Get Marc (ISO 2709) : E-mail record : QR code < ปิดหน้าต่าง
LEADER : 00000nam 2200000uu 4500
001    13399111891
003     ULIB
008    110711s2544||||th 000 0 tha d
020    9749002261
050 04 DS586^bม175ป 2544
100 0  มนูญ มุกข์ประดิษฐ์
245 10 ประทีปแห่งแผ่นดิน /^cมนูญ มุกข์ประดิษฐ์
250    พิมพ์ครั้งที่ 3
260    กรุงเทพฯ :^bธารอักษร,^c2544
300    199 หน้า :^bภาพประกอบสี,^c21 ซม
600 07 ภูมิพลอดุลยเดช,^cพระบาทสมเด็จพระปรมินทรมหา,^d2470-
650  7 น้ำ
650  7 การอนุรักษ์น้ำ
650  7 โครงการอันเนื่องมาจากพระราชดำริ
945    ^p259^l0^i017051
999 ^a ใช้งานได้ทุกระบบ
รายการนี้ยังไม่มีแท็ก
คุณยังไม่ได้ล็อกอิน คุณสามารถมีกิจกรรมร่วมกับเว็บไซต์ได้ แต่ต้องล็อกอินก่อน ::
  ล็อกอิน

รายการสื่อสารสนเทศ

ลำดับที่ ประเภท เลขเรียก/บาร์โค้ด สถานที่ สถานะ
- ไม่พบข้อมูล -

รายการใกล้เคียง
    หัวเรื่อง [น้ำ]
    หัวเรื่อง [โครงการอันเนื่องมาจากพระราชดำริ]

BibComment


ยังไม่เคยถูกคอมเมนท์

คอมเมนท์ทรัพยากรรายการนี้
  คอมเมนท์: ประทีปแห่งแผ่นดิน..


 Copyright 2026. Bcnsprnw @Library